000 00423nam a2200145 i 4500
001 51015
003 ES-MaACL
007 t|
008 030808s1908 xxu ||||1| eng d
100 1 _aCurtis, William Eleroy.
_942248
245 1 4 _aThe true Thomas Jefferson /
_cWilliam Eleroy Curtis.
260 _aPhiladelphia :
_bJ.B. Lippincott Company,
_c1908.
300 _a396 p. :
_b24 grab. ;
_c20 cm.
852 _aES-MaACL
_jC-732
999 _c51015
_d51015